Química Orgánica Moderna
| Main Author: | |
|---|---|
| Format: | Section = Libro |
| Language: | Undetermined Spanish |
| Published: |
Barcelona
Reverté
1978
|
| Subjects: |
| LEADER | 00594nam a2200205Ia 4500 | ||
|---|---|---|---|
| 008 | 240830s9999 xx 000 0 und d | ||
| 020 | |a 84-291-7210-6 | ||
| 040 | |a CEDOC FIQ-RUSB / 547 G851 | ||
| 041 | |a spa | ||
| 082 | |a 547 G851 | ||
| 100 | 1 | |a Griffin Jr., Rodger W | |
| 245 | 1 | 0 | |a Química Orgánica Moderna |
| 260 | |a Barcelona |b Reverté |c 1978 | ||
| 300 | |a 580 p. :il | ||
| 650 | 7 | |a HIDROCARBUROS Y HALOGENUROS | |
| 650 | 7 | |b COMPUESTOS ORGÁNICOS CON OXÍGENO Y NOTRÓGENO | |
| 650 | 7 | |c COMPUESTOS ORGÁNICOS DE INTERÉS BIOLÓGICO | |
| 942 | |c BK |2 ddc | ||
| 991 | |a TEXTO | ||
| 999 | |c 13449 | ||